000 00781nam a22002177a 4500
003 NUST
005 20231219144901.0
008 170809b xxu||||| |||| 00| 0 eng d
040 _cNUST
041 _hurdu
082 _a954.9143
_bLAH
245 _aLahore:
_bazmaton ki kahani- gunahon ki dastan/
_cTaleef o tarjuma by Yasir Jawad
260 _aLahore:
_bNagarshat,
_c2011.
300 _a368 p.
500 _aHistory
650 _aHistory- Pakistan
_vLahore district
_93850
880 _6100-01\(3\r
_aتالیف و ترجمہ: یاسر جواد
880 _6245-02\(3\r
_aلاہور:
_bعظمتوں کی کہانی- گناہوں کا اعتراف
_cتالیف و ترجمہ: یاسر جواد
880 _6260-03\(3\r
_aلاہور:
_bنگارشات،
_c2011
942 _2ddc
_cBK
999 _c330810
_d330810